Missing Word: Screwball Comedies Quiz Stats

Quiz Updated Nov 17, 2015

Challenge
Share
Tweet
Embed
Score 0/20 Timer 05:00
0 Plays Today
Screwball Comedy Missing Word % Correct
It ____ One NightHappened
96.1%
You Can't ____ It With YouTake
91.4%
____ and Old LaceArsenic
87.2%
Bringing Up ____Baby
84.5%
____ Girl FridayHis
80.2%
The Thin ____Man
77.3%
Adam's ____Rib
70%
Ball of ____Fire
63.5%
The Awful ____Truth
57.5%
The Palm ____ StoryBeach
56.1%
Screwball Comedy Missing Word % Correct
Mr. ____ Goes to TownDeeds
49.2%
The ____ Around the CornerShop
47.3%
Sullivan's ____Travels
43%
The ____ StoryPhiladelphia
37.6%
My Man ____Godfrey
34.2%
I Was a ____ War BrideMale
31.9%
The Miracle of Morgan's ____Creek
31%
____ in ParadiseTrouble
29.4%
____ CenturyTwentieth
22.5%
The Lady ____Eve
16.1%

Today's Daily Dose

You're not logged in!

Compare scores with friends on all Sporcle quizzes.
Join for Free
OR
Log In

You Might Also Like...

Show Comments

Extras

Top Quizzes Today


Score Distribution

Your Account Isn't Verified!

In order to create a playlist on Sporcle, you need to verify the email address you used during registration. Go to your Sporcle Settings to finish the process.

Report this User

Report this user for behavior that violates our Community Guidelines.

Details: